| 000 | 00652nam a2200229Ia 4500 | ||
|---|---|---|---|
| 003 | OSt | ||
| 005 | 20220927104426.0 | ||
| 006 | a|||||r|||| 00| 0 | ||
| 007 | ta | ||
| 008 | 220926b |||||||| |||| 00| 0 eng d | ||
| 024 | _a151253 | ||
| 037 | _cReference Collections | ||
| 040 |
_aRTL _cRTL _beng |
||
| 041 |
_2eng _aeng |
||
| 082 | _a"X61,1,hn, L6;L7" | ||
| 110 |
_aINTERNATIONAL MIONETARY FUND _9365675 |
||
| 245 | 0 | _aTwenty-seventh annual report on exchange restrictions | |
| 260 | _c1976 | ||
| 700 |
_aINTERNATIONAL MIONETARY FUND _9365676 |
||
| 942 |
_h"X61,1,hn, L6;L7" _cCC |
||
| 999 |
_c687321 _d687321 |
||